00541 2200217 4500001002100000005001500021035002000036007000300056008004100059020001800100082000800118084001400126100001300140245004300153250001000196260004300206300002200249650001900271650001900290990001400309INLIS00000000000023820170914110643 a0010-0917000224ta170914 0 ind  a979-97482-3-2 a297 a297 MUJ m0 aMujhiyat1 aMaajemen Amaliah Ramadhan /cTim IKADI aCet.1 aJakarta :bIkatan Dai Indonesia,c2004 a80 hlm ;c17,5 cm aPuasa Ramadhan aIbadah (Islam) a1825.5323